| Tag |
First Indicator |
Second Indicator |
Subfields |
| LEADER |
00000cam a2200000 a 4500 |
| 001 |
in00000008751 |
| 005 |
20151003090020.0 |
| 008 |
850613s1983 it a b i00000 eng |
| 010 |
|
|
|a 84149892
|
| 020 |
|
|
|a 9251014027 (pbk.)
|
| 035 |
|
|
|a (OCoLC)10794888
|
| 035 |
|
|
|9 AAA1162AM
|
| 040 |
|
|
|a DLC
|c DLC
|d m/c
|d TXA
|d UtOrBLW
|
| 050 |
0 |
0 |
|a TX359
|b .S45 1983
|
| 082 |
0 |
|
|a 363.8/8
|2 19
|
| 245 |
0 |
0 |
|a Selecting interventions for nutritional improvement :
|b a manual /
|c Nutrition Programmes Service, Food Policy and Nutrition Division.
|
| 264 |
|
1 |
|a Rome :
|b Food and Agriculture Organization of the United Nations,
|c 1983.
|
| 300 |
|
|
|a iv, 79 pages :
|b illustrations ;
|c 30 cm.
|
| 336 |
|
|
|a text
|b txt
|2 rdacontent
|
| 337 |
|
|
|a unmediated
|b n
|2 rdamedia
|
| 338 |
|
|
|a volume
|b nc
|2 rdacarrier
|
| 490 |
1 |
|
|a Nutrition in agriculture ;
|v no. 3
|
| 500 |
|
|
|a "Companion to Nutrition in agriculture number 1 entitled Integrating nutrition into agricultural and rural development projects"--P. 1.
|
| 504 |
|
|
|a Bibliography: pages 78-79.
|
| 650 |
|
0 |
|a Nutrition policy.
|
| 710 |
2 |
|
|a Food and Agriculture Organization of the United Nations.
|b Nutrition Programmes Service.
|
| 730 |
0 |
|
|a Integrating nutrition into agricultural and rural development projects.
|
| 830 |
|
0 |
|a Nutrition in agriculture ;
|v no. 3.
|
| 999 |
|
|
|a MARS
|
| 999 |
f |
f |
|s 99b6fc4a-9134-3873-87f7-cc74793f647c
|i 3dc44022-dace-3967-a26d-761e9028e224
|t 0
|
| 952 |
f |
f |
|p ric
|a Texas A&M University
|b Rellis Campus
|c Joint Library Facility
|d Remote Storage
|t 0
|e TX359 .S45 1983
|h Library of Congress classification
|i unmediated -- volume
|m A14812616068
|
| 998 |
f |
f |
|a TX359 .S45 1983
|t 0
|l Remote Storage
|